Marvel Heroes by Real Names #17 - Statistics

General Stats
  • This quiz has been taken 15 times
  • The average score is 8 of 25
Answer Stats
Name Answer % Correct
Wade Wilson Deadpool
93%
Korg Korg
86%
Sif Lady Sif
86%
Ororo Munroe Storm
79%
Cassandra "Cassie" Lang Stature/Stinger
71%
Daniel "Danny" Rand Iron Fist
64%
Dane Whitman Black Knight
57%
Sharon Carter Agent 13
50%
Martinex T'Naga Martinex
43%
James Proudstar Warpath
43%
Abner Jenkins Mach-X
36%
Roger Bochs Box
14%
Zane Yama J2
14%
Shanna O'Hara Shanna
14%
Violet Lightner Armory
7%
Mark Todd Blazing Skull
7%
Joanna Cargill Frenzy
7%
Aiko Miyazaki Honey Lemon
7%
Clare Gruler Iron Cross
7%
Cessily Kincaid Mercury
7%
William Robert Reilly Phat
7%
Iara Dos Santos Shark-Girl
7%
Samuel Pare Squid Boy
7%
Everett Thomas Synch
7%
Thomas Raymond Toro
7%
No matching quizzes found
Score Distribution
Percent of People with Each Score
Percentile by Number Answered
Your Score History
You have not taken this quiz